The RAF pathfinders : Bomber Command's elite squadrons /

Bibliographic Details
Main Author: Chorlton, Martyn
Format: Book
Language:English
Published: Newbury, Berkshire, UK : Countryside Books, 2012.
Subjects:

MARC

Tag First Indicator Second Indicator Subfields
LEADER 00000cam a2200000 a 4500
001 in00002792521
005 20151203084455.0
008 121218s2012 enkac 001 0 eng d
020 |a 9781846742019 
020 |a 1846742013 
035 |a (OCoLC)ocn823891826 
040 |a NLE  |c NLE  |d UTO  |d GZN  |d TXA  |d UtOrBLW 
049 |a TXAM 
090 |a D786  |b .C466 2012 
100 1 |a Chorlton, Martyn. 
245 1 4 |a The RAF pathfinders :  |b Bomber Command's elite squadrons /  |c Martyn Chorlton ; foreword by Michael Wadsworth. 
246 3 |a Royal Air Force pathfinders 
264 1 |a Newbury, Berkshire, UK :  |b Countryside Books,  |c 2012. 
300 |a 192 pages :  |b illustrations, portraits ;  |c 24 cm. 
336 |a text  |b txt  |2 rdacontent 
337 |a unmediated  |b n  |2 rdamedia 
338 |a volume  |b nc  |2 rdacarrier 
500 |a Includes index. 
610 1 0 |a Great Britain.  |b Royal Air Force.  |b Bomber Command. 
650 0 |a World War, 1939-1945  |x Aerial operations, British. 
945 |a PromptCat 
948 |a cataloged  |b h  |c 2013/3/11  |d c  |e dmitchel  |f 2:00:00 pm 
994 |a C0  |b TXA 
999 |a MARS 
999 f f |s 55a186d7-5ea6-38d7-b89a-1ea7bc6def5c  |i a275c77a-71ae-3f12-bd00-6c9caa178c78  |t 0 
952 f f |p ric  |a Texas A&M University  |b Rellis Campus  |c Joint Library Facility  |d Remote Storage  |t 0  |e D786 .C466 2012  |h Library of Congress classification  |i unmediated -- volume  |m A14835959875 
998 f f |a D786 .C466 2012  |t 0  |l Remote Storage